| 000 | 006400000a22001930004500 | ||
|---|---|---|---|
| 090 |
_aAR _b00645 |
||
| 245 | 1 | 0 | _aFenología de lianas y árboles anemocoros en una selva calida-húmeda de México |
| 650 | 1 | 4 |
_aFenología _992807 |
| 650 | 1 | 4 |
_aReproducción vegetal _993561 |
| 650 | 1 | 4 |
_aDispersión de semillas _992588 |
| 650 | 1 | 4 |
_aSelva cálido - humeda _993753 |
| 651 | 4 |
_dVeracruz _pMéxico _992749 |
|
| 041 | 0 | _aEspañol | |
| 700 | 1 |
_aSánchez Garfias, Beatriz _993754 |
|
| 700 | 1 |
_aGonzález García, Laura _993755 |
|
| 100 | 1 |
_aIbarra Martínez, Guillermo _993756 |
|
| 942 | _cARTICULO | ||
| 773 | 1 |
_tBiotropica _39 _h3 _q242-254 _d1991 _g23 |
|
| 999 |
_c9737 _d9737 |
||